Quizzes
Events
Quiz Creation
Community
Videos
Private Events
Remove Ads
Sign In
Join for FREE
Feedback
Dark Mode
Quiz Categories
Sports
Geography
Music
Movies
Television
Just For Fun
Miscellaneous
History
Literature
Language
Science
Gaming
Entertainment
Religion
Holiday
For Kids
Quiz Lab
Recent
Popular Today
Quiz Kudos Today
Editor Picks
Curator Picks
Quizzes by...
Day
Popularity
Type
Ratings
Length
Year
Community
Subscriptions
Recent Discussions
Orange Saloon
Badges
Playlists
Quests
Create
Leaderboards
Showdown
Live 5
Trivia Bingo
Activity
Puzzle Library
Sporcle Events
Private Events
Virtual Trivia
Globe League
Become a Host
Pub Owners
SporcleCon
Opinionation
Our Games
Videos
Blog
Mobile Apps
Partnerships
Remove Ads and Go Orange
Feedback
Science
Computer
Plants
Astronomy
Chemistry
Elements
Math
Animal
Physics
Anatomy
Biology
Geology
General Science
Science
Computer
Plants
Astronomy
Chemistry
Elements
Math
Animal
Physics
Anatomy
Biology
Geology
General Science
Random Quiz
Search Sporcle
×
Quiz Lab
Quiz Lab
Science
Anxiety
Select answers by clicking on text or image buttons
Select answers by clicking on text or image buttons
Clickable
Best Score? Go Orange.
Anxiety Disorder Treatments Stats
Treatment options for anxiety disorders
By
smaug
5m
18 Questions
342 Plays
342 Plays
342 Plays
Comments
Comments
Give Quiz Kudos
Give Quiz Kudos
-
- Ratings
hide this ad
More Info
Forced Order
Answers have to be entered in order
Answers have to be entered in order
Random Order
Randomize order of answers
Randomize order of answers
Replay
Link that replays current quiz
Next Quiz
Link to next quiz in quiz playlist
You Got
0%
They Got
Avg Score
51%
Avg Friend Score
Upgrade to see
Score Distribution
Jump to the score distribution portion of the page
Score
0/18
Timer
05:00
0
Plays Today
% Correct
Diazepam
72.8%
Selective serotonin-reuptake inhibitors
64%
Benzodiazepines
62.6%
Serotonin norephinephrine reuptake inhibitors
61.1%
Meditation
57.6%
Fluoxetine
57%
Quetiapine
52.6%
Exercise
52.3%
Venlafaxine
52%
% Correct
Potentiate GABA effects at GABAa receptor
52%
Amitriptyline
49.4%
Sleep education
48%
Pregabalin
45.3%
Prevent 5HT and NA reuptake
44.7%
6-8wks
40.9%
Block reuptake of 5HT
40.4%
Cognitive behaviour therapy
37.1%
Reassurance
28.1%
Quiz Playlist
Details
Report
Send in Message
Add To Playlist
More Info:
Answer the question correctly. Some questions have more than one correct answer. There are more answers than questions.
Clickable:
Select answers by clicking on text or image buttons
Forced Order:
Answers have to be entered in order
Random Order:
Randomize order of answers
Last Updated: Feb 16, 2017
Quiz Scoreboard
CHALLENGE
Sign Up to Join the Scoreboard
Show All
Scores
Hide
Comments
May contain spoilers
Recently Published
Street Fighter Characters
by Artimus82
Gaming
60s
9x9 Crossword: Cartoon Network
by jackfrog10
Miscellaneous
3m
College Basketball Coaching Resumes
by pancakes188
Sports
9m
More to Explore
Quiz From the Vault
Featured Blog Post
Where Did the Easter Bunny Come From?
hide this ad
You Might Also Like...
Tags
Anxiety
difficult
Disorder
Drug
Extremely Difficult
Medicine
Pharmacology
treatment
Today's Top Quizzes in Science
Browse Science
hide this ad
Top Contributed Quizzes in Science
1
Quick Pick: Radians
2
The First 100 Digits of Pi
3
Quick Pick: 'CI-CJ' Animals
4
Elements In Images
5
perfect squares 1-25
6
One Thing in Common: Science
7
One Thing in Common: Science II
8
One Thing in Common: Animals
9
Science Jokes
10
One Thing in Common: Science III
Explore More
Trending Topics
Disney
Anime
Marvel
Crossword
NBA
Harry Potter
Kpop
The Office
Puzzle
Pokémon
Country
Song
WWE
NFL
Soccer
hide this ad
More By:
smaug
Quiz
Plays
Rating
Category
Featured
Created
Anxiety Disorder Treatments
342
4.00
Science
Oct 9, 2014
Bones of the Hand
237
Science
Aug 27, 2013
Tolkien's Books
224
1.00
Literature
Nov 1, 2010
Decimal Square Roots
124
5.00
Science
Oct 31, 2014
Longest Serving World Leaders
113
4.00
History
Aug 31, 2013
Go to Creator's Profile
Score Distribution
Quiz Creator Spotlight
smaug
Follow
Send a Message
Quizzes Created
-
Created Quiz Play Count
-
More By This Creator
Popular Quizzes Today
1
Find the US States - No Outlines Minefield
2
Find the Countries of Europe - No Outlines Minefield
3
The Countries of the World
4
Find the US States
5
Risky Map Clicking: Biggest States A-Z
6
US States
7
Popular People in 1961
8
Movies - When Are They Set?
More Science Quizzes
Earth or Space?
Published
Trending Quizzes
Risky Map Clicking: Least Populous States A-Z
1-10 Letter G Words
Risky Map Clicking: Next State Alphabetically
Adjectives in 80s TV Shows
The Seven Year Switch: Catherine
Recently Updated
Leaping Animals
pecheneg
Reality TV Shows (A-Z)
bhenderson79
Rickey Henderson's Hall of Fame Teammates
pecheneg
Champions League XIs: Arsenal
pecheneg
Quick Pick: Celebrities in WWE's Hall of Fame
aduchscher
A-Z Keypad Blitz II
pecheneg
Multiple Oscar Actors
pecheneg
Mystery Phrase Blitz: Oscar 'Best Actors'
pecheneg
F. Scott Fitzgerald Novels
LTH
Pick 3 Villains
ddd62291
Trending Topics
Disney
Kpop
Anime
Crossword
Harry Potter
NBA
Marvel
WWE
Song
Pokémon
The Office
Soccer
Puzzle
Country
NFL
Your Account Isn't Verified!
In order to create a playlist on Sporcle, you need to verify the email address you used during registration. Go to your
Sporcle Settings
to finish the process.
Report this User
Report this user for behavior that violates our
Community Guidelines
.
Details:
Send Report
Go to the Sporcle.com Mobile Site →
Comments